000 00944nam a2200301Ia 4500
008 170203s9999 xx 000 0 und d
020 _a9781442458048
050 _aFic
050 _bG458d
100 _aRicci, Christine.
245 _aDora's Christmas carol /
245 _cadapted by Christine Ricci ; illustrated by Robert Roper.
260 _aNew York :
260 _bSimon Spotlight/Nickelodeon,
260 _c2012
300 _a1 volume (unpaged) :
300 _bcolor illustrations ;
300 _c21 cm.
440 _aDora the Explorer.
500 _a"This book was previously published with slightly different text."--Cover.
650 _aChristmas --
650 _aDora the Explorer (Fictitious character)
650 _aDora the Explorer (Fictitious character) --
650 _aDora the Explorer (Fictitious character) --
650 _xFiction.
650 _xFiction.
650 _xJuvenile fiction.
999 _c306390
_d306390